| 000 | 00564nam a2200145Ia 4500 | ||
|---|---|---|---|
| 008 | 220216s9999 xx 000 0 und d | ||
| 100 | _aSyamala V.K. | ||
| 245 | 0 | _aEffect of inorganic ad organic sources of fertilizers on the growth of rubber (Hevea brasiliensis) seedlings | |
| 260 |
_bNational Conferene on Organic Farming in Horticultural Crops with special reference to Plantation Crops, 15-18 October, 2008, CPCRI, Kasaragod, India. _c2008 |
||
| 700 | _aGeorge Sherin | ||
| 700 | _aJoseph K. | ||
| 700 | _aNair A.N.S. | ||
| 700 | _aNair N.U. | ||
| 942 | _cJS | ||
| 999 |
_c57902 _d57902 |
||